Napoleón III / (Record no. 27570)

MARC details
000 -LEADER
campo de control de longitud fija 00761nam a2200229 i 4500
001 - NÚMERO DE CONTROL
campo de control 27570
003 - IDENTIFICADOR DE NÚMERO DE CONTROL
campo de control ES-MaACL
005 - FECHA Y HORA DE LA ÚLTIMA TRANSACCIÓN
campo de control 20240318120256.0
007 - CAMPO FIJO DE DESCRIPCIÓN FÍSICA--INFORMACIÓN GENERAL
campo de control de longitud fija t|
008 - DATOS DE LONGITUD FIJA--INFORMACIÓN GENERAL
campo de control de longitud fija 030115s1943 sp f |||| |bspa d
080 ## - NÚMERO DE LA CLASIFICACIÓN DECIMAL UNIVERSAL
Número de la Clasificación Decimal Universal 929 Napoleón (44) III, Emperador de Francia
100 0# - ENTRADA PRINCIPAL--NOMBRE DE PERSONA
Nombre de persona Aubry, Octave.
Fechas asociadas al nombre 1881-1946
9 (RLIN) 23828
245 10 - MENCIÓN DEL TÍTULO
Título Napoleón III /
Mención de responsabilidad, etc. Octave Aubry ; traducción de Miguel Toledano.
250 ## - MENCION DE EDICION
Mención de edición 2ª ed.
260 ## - PUBLICACIÓN, DISTRIBUCIÓN, ETC.
Lugar de publicación, distribución, etc. Barcelona :
Nombre del editor, distribuidor, etc. Juventud,
Fecha de publicación, distribución, etc. 1943 (
Fabricante Tall. Gráf. de la Sociedad General de Publicaciones)
300 ## - DESCRIPCIÓN FÍSICA
Extensión 253 p., 31 lám. ;
Dimensiones 22 cm.
490 1# - MENCIÓN DE SERIE
Mención de serie Grandes biografías
600 04 - PUNTO DE ACCESO ADICIONAL DE MATERIA--NOMBRE DE PERSONA
Nombre de persona Napoleón
Numeración III
Títulos y otros términos asociados al nombre Emperador de Francia.
9 (RLIN) 84912
830 0# - PUNTO DE ACCESO ADICIONAL DE SERIE-TÍTULO UNIFORME
Título uniforme Grandes biografías
9 (RLIN) 181124
852 ## - LOCALIZACIÓN
Ubicación ES-MaACL
Número de control de estantería A-1500
Holdings
Estatus retirado Estado de pérdida Fuente del sistema de clasificación o colocación Estado de daño No para préstamo Biblioteca de origen Biblioteca actual Ubicación en estantería Fecha de adquisición Fuente de adquisición Total de préstamos Signatura topográfica completa Código de barras Visto por última vez Precio de reemplazo Tipo de ítem Koha
    Clasificación Decimal Dewey     Biblioteca del Ateneo de Madrid Biblioteca del Ateneo de Madrid Sala Pecera Planta 1 17/01/2008     A-1500 1028468 23/02/2023 23/02/2023 Libro impreso